Sectional fetal anatomy in ultrasound / (Record no. 5229)

000 -LEADER
fixed length control field 00886pam a2200241 a 4500
003 - CONTROL NUMBER IDENTIFIER
control field OSt
005 - DATE AND TIME OF LATEST TRANSACTION
control field 20220405111856.0
008 - FIXED-LENGTH DATA ELEMENTS--GENERAL INFORMATION
fixed length control field 870820s1987 gw a b 001 0 eng
020 ## - INTERNATIONAL STANDARD BOOK NUMBER
International Standard Book Number 0387182136 (U.S.)
040 ## - CATALOGING SOURCE
Transcribing agency ALUPE UNIVERSITY COLLEGE
050 10 - LIBRARY OF CONGRESS CALL NUMBER
Classification number RG605
Item number .S7313 1987
100 1# - MAIN ENTRY--PERSONAL NAME
Personal name Staudach, A.
245 10 - TITLE STATEMENT
Title Sectional fetal anatomy in ultrasound /
Statement of responsibility, etc. Alf Staudach ; forewords by W. Thiel, M. Hansmann, and J. Hobbins ; translated by Terry Telger ; reviewed by Bernd K. Wittmann.
260 ## - PUBLICATION, DISTRIBUTION, ETC.
Place of publication, distribution, etc. Berlin ;
-- New York :
Name of publisher, distributor, etc. Springer-Verlag,
Date of publication, distribution, etc. c1987.
300 ## - PHYSICAL DESCRIPTION
Extent x, 198 p. :
Other physical details 247 ill. ;
Dimensions 28 cm.
500 ## - GENERAL NOTE
General note Translation of: Fetale Anatomie im Ultraschall.
500 ## - GENERAL NOTE
General note Includes index.
504 ## - BIBLIOGRAPHY, ETC. NOTE
Bibliography, etc. note Bibliography: p. [181]-190.
650 #0 - SUBJECT ADDED ENTRY--TOPICAL TERM
Topical term or geographic name entry element Fetus
General subdivision Anatomy.
650 #0 - SUBJECT ADDED ENTRY--TOPICAL TERM
Topical term or geographic name entry element Fetus
General subdivision Ultrasonic imaging.
906 ## - LOCAL DATA ELEMENT F, LDF (RLIN)
a 7
b cbc
c orignew
d 1
e ocip
f 19
g y-gencatlg
942 ## - ADDED ENTRY ELEMENTS (KOHA)
Source of classification or shelving scheme
Koha item type Book
Suppress in OPAC PW
Holdings
Withdrawn status Lost status Source of classification or shelving scheme Damaged status Not for loan Permanent Location Current Location Shelving location Date acquired Source of acquisition Total Checkouts Full call number Barcode Date last seen Price effective from Koha item type Public note
          AU LIBRARY AU LIBRARY Open Shelf 05.04.2022 DONATION FROM MOI UNIVERSITY   RG605 .S73 1987 28007836 05.04.2022 05.04.2022 Book PW

Powered by Koha